Tropical forests : Source of energy through optimisation and diversification :

Bibliographic Details
Corporate Author: INTERNATIONAL Forestry Seminar
Other Authors: SRIVASTAVA
Format: Book
Published: Serdang, Selangor : Penerbit UPMlc1982
Subjects:

MARC

LEADER 00000cam a2200000 7i4500
001 0000001168
005 20140116.0
020 0 0 |a 967995207X 
090 0 0 |a 333.750913   |b INT 1982 
110 1 0 |a INTERNATIONAL Forestry Seminar   |k 1980   |j Serdang 
245 1 0 |a Tropical forests :   |b Source of energy through optimisation and diversification :   |b Proceedings, International Forestry Seminar, 11-15 November 1980, Serdang, Selangor, Malaysia   |c edited by B.L. Srivastava ... [et al.] 
260 0 0 |a Serdang, Selangor :   |b Penerbit UPMlc1982 
300 |a xi, 397 p. :   |b ill., map ;   |c 25 cm. 
500 0 0 |a Includes bibliographical references 
650 0 0 |a Forests and forestry   |z Tropics   |x Congresses 
650 0 0 |a Fuelwood crops   |x Tropics   |x Congresses 
650 0 0 |a Rain forests   |x Congresses 
650 0 0 |a Tree farms   |x Tropics   |x Congresses 
700 0 1 |a SRIVASTAVA   |h Prem B. L. 
998 |a JPSM 
999 |a 0000002367   |b Monograph   |c Open Shelf   |e Default branch